000 00716nam a2200217Ia 4500
003 OSt
005 20201124092752.0
008 191128s1982 ck gr 000 0 spa d
040 _aCO-JMCR
_cCO-JMCR
041 0 _aspa
082 0 4 _a324.286106 /
_bM722i
_223
100 1 _aMolina, Gerardo,
_eautor
_92084
245 1 4 _aLas ideas liberales en Colombia de 1935 a la iniciación del Frente Nacional /
_cGerardo Molina
250 _aQuinta edición
260 _aBogotá :
_bTercer Mundo,
_c1982
300 _a336 páginas ;
_c19 cm.
490 0 _aManuales universitarios ;
_v11
650 1 4 _aFrente Nacional
_xhistoria
_y1935
_zColombia
_93658
650 1 4 _aPartidos políticos
_zColombia
_93659
942 _2ddc
_cBK
999 _c5746
_d5746